La chica nueva / (Record no. 160138)

MARC details
000 -CABECERA
campo de control de longitud fija 00736nam a2200229 a 4500
005 - FECHA Y HORA DE LA ÚLTIMA TRANSACCIÓN
campo de control 20240229063550.0
008 - ELEMENTOS DE LONGITUD FIJA--INFORMACIÓN GENERAL
campo de control de longitud fija 121024s2007 mx r 000 0 spa d
020 ## - NÚMERO INTERNACIONAL NORMALIZADO PARA LIBROS
Número Internacional Estándar del Libro 9788498262919
035 ## - NÚMERO DE CONTROL DEL SISTEMA
Número de control de sistema UPN01000188035
049 ## - COLECCIÓN
Colección I
050 #4 - SIGNATURA TOPOGRÁFICA DE LA BIBLIOTECA DEL CONGRESO
Número de clasificación PQ7798.416 E7.6
Número de documento/Ítem CH5.3
100 1# - ASIENTO PRINCIPAL--NOMBRE PERSONAL
Nombre de persona Fernández Quezada, Paula,
Fechas asociadas al nombre 1989-
245 13 - MENCIÓN DE TÍTULO
Título La chica nueva /
Mención de responsabilidad, etc. Paula Fernández ; il. Pablo Smerling.
260 ## - PUBLICACIÓN, DISTRIBUCIÓN, ETC.
Lugar de publicación, distribución, etc. Valencia, Esp. :
Nombre del editor, distribuidor, etc. ECIR,
Fecha de publicación, distribución, etc. 2007.
300 ## - DESCRIPCIÓN FÍSICA
Extensión [31] p. :
Otras características físicas principalmente il., col.
440 #0 - MENCIÓN DE SERIE/ASIENTO SECUNDARIO--TÍTULO
Título Multicolor ;
Designación de volumen o secuencia 2.
Nombre de parte o sección de la obra Pequeños lectores de 6 a 8 años
650 #4 - ASIENTO SECUNDARIO DE MATERIA - TERMINO TEMATICO
Término de materia o nombre geográfico como elemento de entrada Literatura infantil argentina
9 (RLIN) 7511
650 #0 - ASIENTO SECUNDARIO DE MATERIA - TERMINO TEMATICO
Término de materia o nombre geográfico como elemento de entrada Amistad en la literatura
9 (RLIN) 10763
700 1# - ASIENTO SECUNDARIO--NOMBRE DE PERSONAL
Nombre de persona Smerling, Pablo,
Término indicativo de función/relación il.
905 ## - TIPO DE MATERIAL
Tipo de material Infantil
Holdings
Estado de retiro Estado de pérdida Fuente del sistema de clasificación o colocación Estado dañado No para préstamo Código de colección Localización permanente Ubicación/localización actual Ubicación en estantería Fecha de adquisición Total de préstamos Clasificación Código de barras Fecha visto por última vez Número de copia Tipo de ítem Koha
    Library of Congress Classification     Infantil Bib. Gregorio Torres Quintero Bib. Gregorio Torres Quintero Sala infantil Planta baja 10/05/2023 4 PQ7798.416 E7.6 CH5.3 285898 31/12/2020 1 Libro